| Tag |
First Indicator |
Second Indicator |
Subfields |
| LEADER |
00000cam a2200000La 4500 |
| 001 |
in00001745547 |
| 005 |
20220105122445.0 |
| 006 |
m u |
| 007 |
cr cn- |
| 008 |
010419s1998 nyua sb 001 0 eng d |
| 020 |
|
|
|a 0585367647 (electronic bk.) :
|c $85.00
|
| 020 |
|
|
|z 0765603594
|
| 035 |
|
|
|a (OCoLC)ocm47011107
|
| 035 |
|
|
|a 28985
|b (N$T)
|
| 040 |
|
|
|a N$T
|c N$T
|d UtOrBLW
|
| 043 |
|
|
|a ee-----
|a e-ur---
|
| 049 |
|
|
|a IKMN
|
| 050 |
1 |
4 |
|a DJK51
|b .O65 1998eb
|
| 245 |
0 |
0 |
|a Annual survey of Eastern Europe and the former Soviet Union 1997.
|p The challenge of integration /
|c edited by Peter Rutland ; with introductions by Gale Stokes and Peter Rutland.
|
| 246 |
3 |
0 |
|a Annual survey
|
| 264 |
|
1 |
|a Armonk, N.Y. :
|b M.E. Sharpe,
|c [1998]
|
| 264 |
|
4 |
|c ©1998
|
| 300 |
|
|
|a xii, 447 pages :
|b illustrations ;
|c 24 cm.
|
| 336 |
|
|
|a text
|b txt
|2 rdacontent
|
| 337 |
|
|
|a computer
|b c
|2 rdamedia
|
| 338 |
|
|
|a online resource
|b cr
|2 rdacarrier
|
| 504 |
|
|
|a Includes bibliographical references and index.
|
| 533 |
|
|
|a Electronic reproduction.
|b Boulder, Colo. :
|c NetLibrary,
|d 2001.
|n Available via World Wide Web.
|n Access may be limited to NetLibrary affiliated libraries.
|
| 500 |
|
|
|a Electronic resource.
|
| 651 |
|
0 |
|a Europe, Eastern
|x Politics and government
|y 1989-
|0 http://id.loc.gov/authorities/subjects/sh90000580
|
| 651 |
|
0 |
|a Former Soviet republics
|x Politics and government.
|0 http://id.loc.gov/authorities/subjects/sh2008115049
|
| 651 |
|
0 |
|a Europe, Eastern
|x Economic conditions
|y 1989-
|0 http://id.loc.gov/authorities/subjects/sh90000332
|
| 651 |
|
0 |
|a Former Soviet republics
|x Economic conditions.
|0 http://id.loc.gov/authorities/subjects/sh2008115048
|
| 650 |
|
0 |
|a Post-communism
|z Europe, Eastern.
|0 http://id.loc.gov/authorities/subjects/sh2008109561
|
| 650 |
|
0 |
|a Post-communism
|z Former Soviet republics.
|0 http://id.loc.gov/authorities/subjects/sh2008109651
|
| 655 |
|
7 |
|a Electronic books.
|2 local
|
| 700 |
1 |
|
|a Rutland, Peter,
|e editor.
|0 http://id.loc.gov/authorities/names/n85060661
|
| 700 |
1 |
|
|a Stokes, Gale.
|
| 710 |
2 |
|
|a NetLibrary, Inc.
|0 http://id.loc.gov/authorities/names/no99080690
|
| 710 |
2 |
|
|a EastWest Institute (New York, N.Y.)
|0 http://id.loc.gov/authorities/names/no99028169
|
| 856 |
4 |
1 |
|u https://proxy.library.tamu.edu/login?url=http://www.netLibrary.com/urlapi.asp?action=summary&v=1&bookid=28985
|z Connect to the full text of this electronic book
|t 0
|
| 994 |
|
|
|a 92
|b IKM
|
| 999 |
|
|
|a MARS
|
| 999 |
f |
f |
|s 781e3798-797f-3b09-bbda-d28096340a6b
|i a7d1e050-91d7-3186-99db-11e77d282fb8
|t 0
|
| 952 |
f |
f |
|a Texas A&M University
|b College Station
|c Electronic Resources
|d Available Online
|t 0
|e DJK51 .O65 1998eb
|h Library of Congress classification
|
| 998 |
f |
f |
|a DJK51 .O65 1998eb
|t 0
|l Available Online
|